| 000 | 00764nam a2200205Ia 4500 | ||
|---|---|---|---|
| 999 |
_c40781 _d40781 |
||
| 001 | 7420 | ||
| 003 | GE_BSU | ||
| 005 | 20231206173002.0 | ||
| 008 | 181216s1963||||ge |||||||||||||| ||geo|| | ||
| 040 | _cGE_BSU | ||
| 041 | _ageo | ||
| 080 | _a821.353.1-32 დ-15 | ||
| 100 |
_aდავითაშვილი, ასმათ _920610 |
||
| 245 |
_aმოთხრობები _cასმათ დავითაშვილი ; რედ. ნ. ინასარიძე. |
||
| 264 |
_aთბილისი : _bსაბჭ.საქართველო, _c1963. |
||
| 300 |
_a122 გვ. ; _c17 სმ. |
||
| 653 | _aმოთხრობები | ||
| 700 |
_aინასარიძე, ნ. _eრედაქტორი _91193 |
||
| 942 |
_cBK _2udc |
||